Ajey qiamat nain aai / (Record no. 330081)
[ view plain ]
| 000 -LEADER | |
|---|---|
| fixed length control field | 01004cam a2200289 a 4500 |
| 001 - CONTROL NUMBER | |
| control field | 14177613 |
| 003 - CONTROL NUMBER IDENTIFIER | |
| control field | NUST |
| 005 - DATE AND TIME OF LATEST TRANSACTION | |
| control field | 20170612140712.0 |
| 008 - FIXED-LENGTH DATA ELEMENTS--GENERAL INFORMATION | |
| fixed length control field | 030818s2003 pk 000 0 urdo |
| 010 ## - LIBRARY OF CONGRESS CONTROL NUMBER | |
| LC control number | 2003344347 |
| 020 ## - INTERNATIONAL STANDARD BOOK NUMBER | |
| International Standard Book Number | 9693511824 |
| 025 ## - OVERSEAS ACQUISITION NUMBER | |
| Overseas acquisition number | P-U-2003344347; 05; 06 |
| 035 ## - SYSTEM CONTROL NUMBER | |
| System control number | (DLC) 2003344347 |
| 040 ## - CATALOGING SOURCE | |
| Original cataloging agency | DLC |
| Transcribing agency | DLC |
| Modifying agency | DLC |
| 042 ## - AUTHENTICATION CODE | |
| Authentication code | lcode |
| 050 00 - LIBRARY OF CONGRESS CALL NUMBER | |
| Classification number | HN690.5.A8 |
| Item number | M85 2003 |
| 082 ## - DEWEY DECIMAL CLASSIFICATION NUMBER | |
| Classification number | 891.421 |
| Author Mark | MUN |
| 100 0# - MAIN ENTRY--PERSONAL NAME | |
| Personal name | Munnū Bhāʼī. |
| 9 (RLIN) | 2175 |
| 245 10 - TITLE STATEMENT | |
| Title | Ajey qiamat nain aai / |
| Statement of responsibility, etc. | Munnū Bhāʼī. |
| 260 ## - PUBLICATION, DISTRIBUTION, ETC. | |
| Place of publication, distribution, etc. | Lāhore : |
| Name of publisher, distributor, etc. | Sāng-e Meel Publications, |
| Date of publication, distribution, etc. | 2003. |
| 300 ## - PHYSICAL DESCRIPTION | |
| Extent | 72 p. ; |
| Dimensions | 22 cm. |
| 500 ## - GENERAL NOTE | |
| General note | In Urdu. |
| 520 ## - SUMMARY, ETC. | |
| Summary, etc. | Collection of columns on decline in social and cultural values and lack of good governance in Pakistan. |
| 650 #0 - SUBJECT ADDED ENTRY--TOPICAL TERM | |
| Topical term or geographic name entry element | Punjabi Literature- Poetry |
| 9 (RLIN) | 2176 |
| 880 ## - ALTERNATE GRAPHIC REPRESENTATION | |
| Title | منو بھایٗ |
| Linkage | 100-01\(3\r |
| 880 ## - ALTERNATE GRAPHIC REPRESENTATION | |
| Title | اجے قیامت نٗیں آیٗ |
| Linkage | 245-02\(3\r |
| c | منو بھایٗ |
| 880 ## - ALTERNATE GRAPHIC REPRESENTATION | |
| Title | لاہور: |
| Linkage | 260-03\(3\r |
| b | سنگ میل پبلیکیشنز، |
| c | 2003. |
| 906 ## - LOCAL DATA ELEMENT F, LDF (RLIN) | |
| a | 7 |
| b | cbc |
| c | origode |
| d | 3 |
| e | ncip |
| f | 20 |
| g | y-gencatlg |
| 942 ## - ADDED ENTRY ELEMENTS (KOHA) | |
| Source of classification or shelving scheme | |
| Koha item type | Book |
| Withdrawn status | Lost status | Source of classification or shelving scheme | Damaged status | Not for loan | Permanent Location | Current Location | Shelving location | Date acquired | Total Checkouts | Full call number | Barcode | Date last seen | Date last checked out | Copy number | Price effective from | Koha item type |
|---|---|---|---|---|---|---|---|---|---|---|---|---|---|---|---|---|
| Central Library (CL) | Central Library (CL) | Fiction | 06/07/2017 | 2 | 891.421 MUN | CL1910 | 01/11/2021 | 10/01/2019 | 1 | 06/07/2017 | Book |
